Noches de humo : (Registro nro. 29754)
[ vista simple ]
| 000 -LEADER | |
|---|---|
| fixed length control field | 01855nam a22002417a 4500 |
| 003 - CONTROL NUMBER IDENTIFIER | |
| control field | OSt |
| 005 - DATE AND TIME OF LATEST TRANSACTION | |
| control field | 20250611153501.0 |
| 008 - FIXED-LENGTH DATA ELEMENTS--GENERAL INFORMATION | |
| fixed length control field | 220914s1988 ck ||||gr|||| 00| f spa d |
| 020 ## - INTERNATIONAL STANDARD BOOK NUMBER | |
| International Standard Book Number | 9586142817 |
| 040 ## - CATALOGING SOURCE | |
| Original cataloging agency | CO-JMCR |
| Transcribing agency | CO-JMCR |
| 041 ## - LANGUAGE CODE | |
| Language code of text/sound track or separate title | spa |
| 082 04 - DEWEY DECIMAL CLASSIFICATION NUMBER | |
| Classification number | A-N |
| Item number | BEHn |
| 100 1# - MAIN ENTRY--PERSONAL NAME | |
| Personal name | Behar, Olga, |
| Relator term | autora |
| 9 (RLIN) | 42390 |
| 245 10 - TITLE STATEMENT | |
| Title | Noches de humo : |
| Remainder of title | cómo se planeó y ejecutó la toma del palacio de justicia / |
| Statement of responsibility, etc. | Olga Behar |
| 250 ## - EDITION STATEMENT | |
| Edition statement | Primera edición |
| 260 ## - PUBLICATION, DISTRIBUTION, ETC. | |
| Place of publication, distribution, etc. | Bogotá : |
| Name of publisher, distributor, etc. | Planeta, |
| Date of publication, distribution, etc. | 1988 |
| 300 ## - PHYSICAL DESCRIPTION | |
| Extent | 235 páginas ; |
| Dimensions | 21 cm. |
| 490 0# - SERIES STATEMENT | |
| Series statement | Colección documento |
| 520 3# - SUMMARY, ETC. | |
| Summary, etc. | "¿Podré olvidar algún día, Dios mío?", se preguntó angustiada. No le sería posible. Almarales le había dicho dos horas antes de devolver la a la libertad, sólo una hora antes de morirse, "vas a salir, Mona, tu misión será decirle al mundo lo que ha pasado acá". No debía olvidar. Aunque en este momento necesitaba calmarse, recuperar el control, dejar de derramar lágrimas que surgían solas, sepultar en algún rincón de su cerebro esa película de terror, de la cual era ahora sobreviviente..."<br/>"Claudia seria por última vez Clara Helena Enciso. En adelante comenzaría a creer en los brujos indígenas del Cauca, en esos sabios de herencia precolombina que sabían cuándo la gente se Iba a morir. Y cambiaria su Identidad para converse en tantas y tantas mujeres, huiría y se escondería en tantos y tantos países. “Mucho gusto, mi nombre es Maria”; “Hola, me llamo Bertha y soy peruana”; “Soy Lucia, nací en Guatemala”. Hasta que un día regresó a los suyos, después de haber cicatrizado las heridas y les dijo: “Aquí estoy, de nuevo en la montaña. Ahora sólo existirá el futuro..." ". |
| 650 14 - SUBJECT ADDED ENTRY--TOPICAL TERM | |
| Topical term or geographic name entry element | Toma del palacio de justicia |
| Chronological subdivision | 1985 |
| Geographic subdivision | Bogotá |
| 9 (RLIN) | 42391 |
| 650 24 - SUBJECT ADDED ENTRY--TOPICAL TERM | |
| Topical term or geographic name entry element | Terrorismo en Colombia |
| 9 (RLIN) | 42392 |
| 942 ## - ADDED ENTRY ELEMENTS (KOHA) | |
| Source of classification or shelving scheme | Dewey Decimal Classification |
| Koha item type | Books |
| Withdrawn status | Lost status | Source of classification or shelving scheme | Damaged status | Not for loan | Collection code | Home library | Current library | Shelving location | Date acquired | Source of acquisition | Total Checkouts | Total Renewals | Full call number | Barcode | Date last seen | Date last checked out | Copy number | Price effective from | Koha item type |
|---|---|---|---|---|---|---|---|---|---|---|---|---|---|---|---|---|---|---|---|
| Dewey Decimal Classification | Fiction | Biblioteca Pública José María del Castillo y Rada | Biblioteca Pública José María del Castillo y Rada | Processing Center | 02/23/2022 | Donación | 3 | 3 | A-N BEHn | 201811810 | 05/22/2025 | 04/24/2025 | Ej. 1 | 09/14/2022 | Books |